Modern ideal homes for India (Record no. 4884)

MARC details
000 -LEADER
fixed length control field 00473nam a2200181Ia 4500
003 - CONTROL NUMBER IDENTIFIER
control field IN-BaIIA
008 - FIXED-LENGTH DATA ELEMENTS--GENERAL INFORMATION
fixed length control field 211028s9999 xx 000 0 eng d
040 ## - CATALOGING SOURCE
Transcribing agency IIA Library
080 ## - UNIVERSAL DECIMAL CLASSIFICATION NUMBER
Universal Decimal Classification number 643
Item number DES
100 ## - MAIN ENTRY--PERSONAL NAME
Personal name Deshpande, R. S
9 (RLIN) 8740
245 #0 - TITLE STATEMENT
Title Modern ideal homes for India
Statement of responsibility, etc. R. S. Deshpande
250 ## - EDITION STATEMENT
Edition statement 6th rev. ed.
260 ## - PUBLICATION, DISTRIBUTION, ETC.
Place of publication, distribution, etc. Poona
Name of publisher, distributor, etc. United Book Company
Date of publication, distribution, etc. 1965
300 ## - PHYSICAL DESCRIPTION
Extent viii, 300p.
650 ## - SUBJECT ADDED ENTRY--TOPICAL TERM
Topical term or geographic name entry element Civil engineering
9 (RLIN) 5496
650 ## - SUBJECT ADDED ENTRY--TOPICAL TERM
Topical term or geographic name entry element Homes
9 (RLIN) 8741
942 ## - ADDED ENTRY ELEMENTS (KOHA)
Koha item type Books
Holdings
Withdrawn status Lost status Damaged status Not for loan Home library Current library Shelving location Date acquired Cost, normal purchase price Total Checkouts Full call number Barcode Date last seen Cost, replacement price Price effective from Koha item type Purchase Price
        IIA Library-Bangalore IIA Library-Bangalore General Stacks 08/07/1976 35.00   643/ DES 5467 05/11/2021 35.00 08/07/1976 Books Rs. 35.00

Powered by Koha